Arms transfers to the Third World, 1971-85 /

Bibliographic Details
Main Author: Brzoska, Michael
Corporate Author: Stockholm International Peace Research Institute
Other Authors: Ohlson, Thomas
Format: Book
Language:English
Published: Oxford ; New York : Oxford University Press, 1987.
Subjects:

MARC

Tag First Indicator Second Indicator Subfields
LEADER 00000cam a2200000 a 4500
001 in00000029861
005 20151007054812.0
008 870217s1987 enka b 00110 eng
010 |a  87005579  
020 |a 0198291167 :  |c $60.00 (U.S.) 
035 |a (OCoLC)15282905 
035 |9 AAB6255AM 
040 |a DLC  |c DLC  |d TXA  |d UtOrBLW 
043 |a d------ 
049 |a TXAM  |c [A11503440] 
050 0 0 |a HD9743.D442  |b B79 1987 
082 0 |a 382/.456234/091724  |2 19 
100 1 |a Brzoska, Michael. 
245 1 0 |a Arms transfers to the Third World, 1971-85 /  |c Michael Brzoska and Thomas Ohlson. 
264 1 |a Oxford ;  |a New York :  |b Oxford University Press,  |c 1987. 
300 |a xv, 383 pages :  |b illustrations ;  |c 24 cm. 
336 |a text  |b txt  |2 rdacontent 
337 |a unmediated  |b n  |2 rdamedia 
338 |a volume  |b nc  |2 rdacarrier 
500 |a "Stockholm International Peace Research Institute." 
504 |a Bibliography: pages [370]-375. 
500 |a Includes index. 
650 0 |a Arms transfers  |z Developing countries. 
700 1 |a Ohlson, Thomas. 
710 2 |a Stockholm International Peace Research Institute. 
999 |a MARS 
999 f f |s 22973d27-b125-3843-aa42-ab348b77e7b2  |i 4836e787-07a3-3939-a04d-a1f5915e7ccc  |t 0 
952 f f |p ric  |a Texas A&M University  |b Rellis Campus  |c Joint Library Facility  |d Remote Storage  |t 0  |e HD9743.D442 B79 1987  |h Library of Congress classification  |i unmediated -- volume  |m A14811503440 
998 f f |a HD9743.D442 B79 1987  |t 0  |l Remote Storage